The first six books of the elements of Euclid
Збережено в:
| Автори: | , |
|---|---|
| Формат: | Книга |
| Мова: | Англійська Іспанська Італійська мова Португальська |
| Опубліковано: |
Colonia
Taschen
2010
|
| Предмети: | |
| Теги: |
Додати тег
Немає тегів, Будьте першим, хто поставить тег для цього запису!
|
MARC
| LEADER | 00000cam a2200000 a 4500 | ||
|---|---|---|---|
| 001 | UCG9587 | ||
| 003 | CL-VaPUC | ||
| 008 | 120323e20100000GW |||||||||||||||||eng|d | ||
| 020 | |a 978.3836521536 | ||
| 041 | 0 | 7 | |a eng |2 CL-VaPUC |
| 041 | 0 | 7 | |a spa |2 CL-VaPUC |
| 041 | 0 | 7 | |a ita |2 CL-VaPUC |
| 041 | 0 | 7 | |a por |2 CL-VaPUC |
| 082 | 0 | 4 | |a 513 |b BYR |2 21 |
| 100 | 0 | |a Byrne, Oliver |e author |9 561205 | |
| 700 | 0 | |a Oechslin, Werner |e author |9 561206 | |
| 245 | 1 | 4 | |a The first six books of the elements of Euclid |
| 246 | 1 | 4 | |a Los primeros seis libros de los elementos de Euclides: ensayo |
| 300 | |a v | ||
| 942 | |c BK | ||
| 945 | |d 20120323 00:00:00 |a dcastane | ||
| 260 | |a Colonia |b Taschen |c 2010 | ||
| 500 | |a v.1: Corresponde a facsímil de la primera edición del año 1847 | ||
| 500 | |a v.2: Ensayo de Werner Oechslin | ||
| 650 | 0 | |a Aritmética |9 270049 | |
| 650 | 0 | |a Geometría euclidiana |9 270055 | |
| 583 | |a last modification |c 20120924 10:02:52 |k Rodrigo Vera | ||
| 999 | |c 347134 |d 347132 | ||
| 952 | |0 0 |1 0 |4 0 |6 513_000000000000000_BYR_2010 |7 0 |8 A |9 448272 |a BIBARQ |b BIBARQ |d 2019-11-22 |h v.1 |i 4844785 |l 7 |m 1 |o 513 BYR 2010 |p 4844785 |r 2024-04-30 |s 2024-04-16 |w 2019-11-22 |y BK |k ARQ | ||
| 952 | |0 0 |1 0 |4 0 |6 513_000000000000000_BYR_2010 |7 0 |8 A |9 448273 |a BIBING |b BIBING |d 2019-11-22 |h v.1 |i 4910761 |l 1 |o 513 BYR 2010 |p 4910761 |r 2025-01-20 |s 2024-03-11 |w 2019-11-22 |y BK |k CUI | ||
| 952 | |0 0 |1 0 |4 0 |6 513_000000000000000_BYR_2010 |7 0 |8 A |9 448274 |a BIBING |b BIBING |d 2019-11-22 |h v.2 |i 2109778 |o 513 BYR 2010 |p 2109778 |r 2025-01-20 |w 2019-11-22 |y BK |k CUI | ||
| 952 | |0 0 |1 0 |4 0 |6 513_000000000000000_BYR_2010 |7 0 |8 A |9 448275 |a BIBARQ |b BIBARQ |d 2019-11-22 |h v.2 |i 2109786 |l 9 |m 1 |o 513 BYR 2010 |p 2109786 |r 2025-01-20 |s 2024-04-16 |w 2019-11-22 |y BK |k ARQ | ||